BADACSONYI BORKULTÚRA BEMUTATÁSA EGY PINCÉSZET SZEMÜVEGÉN KERESZTÜL
| Szerző: | |
|---|---|
| További közreműködők: | |
| Dokumentumtípus: | Záródolgozat |
| Kulcsszavak: | Borvidék, Badacsony Szőlő, fajta Bor, fajta Borgasztronómia Borbarátok Panzió Borturizmus |
| Online Access: | http://dolgozattar.uni-bge.hu/59381 |
MARC
| LEADER | 00000nta a2200000 i 4500 | ||
|---|---|---|---|
| 001 | dolg59381 | ||
| 005 | 20260114093036.0 | ||
| 008 | 260114suuuu hu o 000 hun d | ||
| 040 | |a BGE Dolgozattár Repozitórium |b hun | ||
| 041 | |a hu | ||
| 100 | 1 | |a SIMON PETRA | |
| 245 | 1 | 0 | |a BADACSONYI BORKULTÚRA BEMUTATÁSA EGY PINCÉSZET SZEMÜVEGÉN KERESZTÜL |c SIMON PETRA |h [elektronikus dokumentum] |
| 516 | |a Final_paper | ||
| 695 | |a Borvidék, Badacsony | ||
| 695 | |a Szőlő, fajta | ||
| 695 | |a Bor, fajta | ||
| 695 | |a Borgasztronómia | ||
| 695 | |a Borbarátok Panzió | ||
| 695 | |a Borturizmus | ||
| 700 | 1 | |a SEREGI Dr. ANDRÁSNÉ |e ths | |
| 856 | 4 | 0 | |u http://dolgozattar.uni-bge.hu/59381/1/Simon-Petra.pdf |z Dokumentum-elérés |